000 00283nam a22001337a 4500
008 171201b xxu||||| |||| 00| 0 eng d
020 _a9780205267101
041 _aeng
080 _a070
100 _a39
101 _aMED
245 _aINTERVIEWING
_cSCHMIDT,W.V
942 _2udc
_cBK
999 _c38695
_d38695